Disney mal résumé #6 - Statistiques

Statistiques générales
  • Ce quiz a été pris 196 fois
  • Le résultat moyen est 3 sur 15
Statistiques - réponses
Hint Réponse % Correct
C'est l'histoire d'un créateur qui voit son enfant resté de bois face à ses leçons de morale Pinocchio
86%
C'est l'histoire d'une méchante qui voyage dans le temps pour échouer dans sa mission à cause de 2 souris chanteuses Cendrillon 3 : Le Sortilège de Cendrillon
52%
C'est l'histoire d'un jeune rookie qui plane régulièrement en révant de devenir le meilleur Planes
43%
C'est l'histoire d'un écolier qui voit jamais ses vrais parent, traine avec un mec au cerveau cramé et joue avec la mort Hercule, la série
42%
C'est l'histoire de 2 potes qui te racontent leur version de l'histoire que tout le monde connaît Le Roi lion 3 : Hakuna Matata
23%
C'est une histoire d'amour entre une femme raffinée et un clodo qui obtient l'aide de dieu Aladdin
22%
C'est l'histoire d'un mec qui cherche à faire une reconversion professionnelle mais ne le fera pas finalement Les Mondes de Ralph
15%
C'est un film sur l'histoire d'un film qui vient d'un autre film et il y a aussi un chat robot Buzz l'Éclair
14%
C'est l'histoire d'un mec qui se retrouve à faire une course-poursuite en aéroport et d'un autre qui a une crise d'identité Toy Story 2
7%
C'est l'histoire d'une femme a qui on impose un métier dés sa naissance Clochette
5%
C'est l'histoire d'une adolescente qui change tout le temps de coiffure et ne doit pas dormir beaucoup au vu de son emploi du temps Hannah Montana
5%
C'est l'histoire d'un mec qui après un long voyage va sortir avec une milf légèrement vétue Atlantide, l'empire perdu
3%
C'est un mélange entre le village gaulois d'Astérix et Chair de poule Chicken Little
3%
C'est l'histoire d'un gars qui s'échappe de prison éternelle et dont ses ennemis et son ancien acolyte veulent le voir mort Le Retour de Jafar
3%
C'est l'histoire d'une héroïne qui ne se broche jamais les cheveux, marche en chaussette et adore les amphibiens Amphibia
1%
Aucun quiz correspondant
Distribution des résultats
% des personnes avec chaque résultat
Percentile par nombre de réponses
Votre historique - résultats
Vous n’avez pas pris ce quiz